| 000 | 00580nam a22001577a 4500 | ||
|---|---|---|---|
| 005 | 20251108172944.0 | ||
| 008 | 250721s1986 xx 000 0 ara d | ||
| 082 | 1 | 4 | _a320.4/حسي |
| 245 | 1 | 0 | _aكلمة جلالة الملك الحسين المعظم إلى الشعب يوم الثلاثاء الموافق 17/8/1993 بمناسبة صدور الإرادة الملكية ............... / |
| 264 | 1 |
_aعمان : _bوزارة الإعلام، _c1986. |
|
| 650 | 1 | 7 | _aالمقالات |
| 650 | 1 | 7 | _aالسياسة |
| 650 | 1 | 7 | _aالخطب |
| 942 |
_2ddc _cBK |
||
| 999 |
_c92730 _d92730 |
||